Story as Theology (Record no. 10573)

MARC details
000 -LEADER
fixed length control field 00581nam a2200241 a 4500
020 ## - INTERNATIONAL STANDARD BOOK NUMBER
ISBN 8185574
082 00 - DEWEY DECIMAL CLASSIFICATION NUMBER
Classification number 294.5923
Author Cutter ANA
100 ## - MAIN ENTRY--AUTHOR NAME
Author name Anand, Subhash
245 ## - TITLE STATEMENT
Title Story as Theology
260 ## - PUBLICATION, DISTRIBUTION, ETC. (IMPRINT)
Place of publication Delhi
Name of publisher Intercultural Publications
Year of publication 1996
300 ## - PHYSICAL DESCRIPTION
Number of Pages 194p
500 ## - GENERAL NOTE
General note includes index and biblioraphy
505 2# - FORMATTED CONTENTS NOTE
Formatted contents note 194p
650 ## - SUBJECT ADDED ENTRY--TOPICAL TERM
Topical Term Mahabharat
942 ## - ADDED ENTRY ELEMENTS (KOHA)
Koha item type Books
700 1# -
-- Anand, Subhash
Holdings
Collection code Home library Current library Date acquired Cost, normal purchase price Full call number Accession Number Koha item type
  Henry Martyn Institute Library Henry Martyn Institute Library 07/26/2007 200.00 294.5923 ANA 018304 Books
                   Copyright © 2026 | Henry Martyn Institute | Hyderabad | TS-500052 | INDIA | Implemented by hmi.edu.in
Hit-Count:

Powered by Koha